| 000 | 00988nam a2200301 i 4500 | ||
|---|---|---|---|
| 003 | DO-SdBNP | ||
| 005 | 20260521111839.0 | ||
| 007 | ta | ||
| 008 | 260511b2025 dr ||||| |||| 00| 0 spa d | ||
| 020 | _a9789945292671 | ||
| 040 |
_aDO-SdBNP _bspa _cBNPHU _erda |
||
| 041 | _aspa | ||
| 082 | 4 |
_aRD863.5 _bL864L _222 |
|
| 100 | 1 |
_aLópez, Juan, _eautor _4aut. _989526 |
|
| 245 | 1 | 0 |
_aLlantos en la cordillera / _cJuan López ; ilustración, Williams Nelson Romero Báez |
| 250 | _aPrimera edición | ||
| 264 | 4 |
_aSanto Domingo : _bEditora Búho, _c©2025. |
|
| 300 |
_a152 páginas ; _c22 cm. |
||
| 336 |
_atexto _btxt _2rdacontent |
||
| 337 |
_asin mediación _bn _2rdamedia |
||
| 338 |
_avolumen _bnc _2rdacarrier |
||
| 590 | _aInventariado, 2026/BT | ||
| 650 | 7 |
_aNovela dominicana _2LEMB _9223 |
|
| 650 | 7 |
_aLiteratura dominicana _2LEMB |
|
| 700 | 1 |
_aRomero Báez, Williams Nelson, _eilustrador _4il. _989527 |
|
| 910 | _aBtavárez. Validado. Control de calidad MFF | ||
| 942 |
_2ddc _cLBS1 |
||
| 999 |
_c60708 _d60708 |
||